Tratado de derecho del trabajo chileno
Salvato in:
| Autore principale: | |
|---|---|
| Natura: | Libro |
| Lingua: | spagnolo |
| Pubblicazione: |
Santiago, Chile
Jurídica de Chile
1960
|
| Soggetti: | |
| Tags: |
Aggiungi Tag
Nessun Tag, puoi essere il primo ad aggiungerne!!
|
MARC
| LEADER | 00000nam a2200000 a 4500 | ||
|---|---|---|---|
| 001 | UCS2552 | ||
| 003 | CL-VaPUC | ||
| 005 | 20231109170918.0 | ||
| 008 | 970604e19600000CL |||||||||||||||||spa|d | ||
| 999 | |c 260498 |d 260496 | ||
| 040 | |c Pontificia Universidad Católica de Valparaíso | ||
| 082 | 0 | 4 | |a 344.01 GAE 1960 |2 21 |
| 100 | |a Gaete Berríos, Alfredo |e autor |9 480656 | ||
| 245 | 1 | 0 | |a Tratado de derecho del trabajo chileno |
| 260 | 0 | 3 | |a Santiago, Chile |b Jurídica de Chile |c 1960 |
| 300 | |a 498 páginas | ||
| 583 | |a last modification |c 20170712 04:15:37 |k Rodrigo Vera | ||
| 650 | 7 | |a DERECHO LABORAL |2 CL-VaPUC |9 15 | |
| 650 | 0 | |a Doctrinas políticas |9 255835 | |
| 650 | 0 | |a Derecho internacional |9 255637 | |
| 650 | 7 | |a CONTRATO DE TRABAJO |2 CL-VaPUC |9 388127 | |
| 650 | 7 | |a REMUNERACIONES |2 CL-VaPUC |9 371777 | |
| 650 | 7 | |a JORNADA DE TRABAJO |2 CL-VaPUC |9 388087 | |
| 650 | 7 | |a DESCANSO REMUNERADO |2 CL-VaPUC |9 388128 | |
| 650 | 0 | |a Sindicatos |9 255034 | |
| 650 | 0 | |a Accidentes de trabajo |9 254901 | |
| 942 | |c BK |2 ddc | ||
| 945 | |d 19970604 00:00:00 |a paguirre | ||
| 952 | |0 0 |1 0 |2 ddc |4 0 |6 344_010000000000000_GAE_1960 |7 0 |8 A |9 286671 |a BIBDER |b BIBDER |d 2019-11-19 |i 1861115 |o 344.01 GAE 1960 |p 1861115 |r 2019-11-19 |t 2 |w 2019-11-19 |y BK |k DER | ||
| 952 | |0 0 |1 0 |2 ddc |4 0 |6 344_010000000000000_GAE_1960 |7 0 |8 A |9 286672 |a BIBDER |b BIBDER |d 2019-11-19 |i 1861123 |o 344.01 GAE 1960 |p 1861123 |r 2023-01-25 |t 3 |w 2019-11-19 |y BK |k DER | ||
| 952 | |0 0 |1 0 |2 ddc |4 0 |6 344_010000000000000_GAE_1960 |7 0 |8 A |9 286673 |a BIBDER |b BIBDER |d 2019-11-19 |i 1865269 |o 344.01 GAE 1960 |p 1865269 |r 2023-01-25 |t 4 |w 2019-11-19 |y BK |k DER | ||
| 952 | |0 0 |1 0 |2 ddc |4 0 |6 344_010000000000000_GAE_1960 |7 0 |8 A |9 286674 |a BIBDER |b BIBDER |d 2019-11-19 |i 1865315 |o 344.01 GAE 1960 |p 1865315 |r 2019-11-19 |t 5 |w 2019-11-19 |y BK |k DER | ||
| 952 | |0 0 |1 0 |2 ddc |4 0 |6 344_010000000000000_GAE_1960 |7 0 |8 A |9 286675 |a BIBHIS |b BIBHIS |d 2019-11-19 |i 1360507 |o 344.01 GAE 1960 |p 1360507 |r 2025-01-20 |t 1 |w 2019-11-19 |y BK |k HIS | ||